000 00489nam a22001697a 4500
005 20250529120914.0
008 250412b |||||||| |||| 00| 0 eng d
020 _a9789354358234
040 _cSDCL
041 _2eng
_aeng
084 _aY:1.2'L R2.3
245 _aImperial archives :
_bFrom discovery to the civilisational mission : english writings on India
260 _aNew Delhi :
_bBloomsbury,
_c2022.
300 _a6 Volumes
700 _aNayar, Pramod K.
942 _2CC
_cTEXL
999 _c1308914
_d1308914